Statistiques concernant Pays qui battent le Canada

Cliquez ici pour prendre le quiz!

Statistiques générales

  • Ce quiz a été pris 30 671 fois
  • Le résultat moyen est 15 sur 20

Statistiques - réponses

RangCatégoriePays% Correct
2Plus grande surfaceRussie
100%
3Plus peuplé d'Amérique du NordEtats-Unis | Mexique
97%
3 ex-æquoLe plus deviné au quiz des Drapeaux du mondeEtats-Unis | Royaume-Uni
96%
4Le plus de francophonesFrance | R.D. Congo | Côte d'Ivoire
92%
2Le plus riche par habitant d'Amérique du NordEtats-Unis
91%
3Pays francophone le plus peupléR.D. Congo | France
88%
3Le plus visité par les présidents américainsFrance | Royaume-Uni
86%
6Le plus de médailles aux JO d'hiverNorvège | Etats-Unis | Allemagne (et RFA) | Autriche | URSS
86%
5Le plus de précipitationsBrésil | Russie | Etats-Unis | Chine
85%
6Production de blé la plus importanteChine | Inde | Russie | Etats-Unis | France
85%
2 ex-æquoLe plus deviné au quiz de Pays du mondeFrance
85%
3Réserves de pétrole les plus importantesVenezuela | Arabie Saoudite
77%
8Plus importante consommation de viande par habitantLuxembourg | Etats-Unis | Australie | Nouvelle-Zélande | Espagne | Autriche | Israël
75%
3Surface forestière la plus importanteRussie | Brésil
75%
2Le plus visité par les touristes américainsMexique
68%
3Commençant par C le plus proche du début de l'alphabetCambodge | Cameroun
67%
8Premier pays avec le droit de vote pour les femmesNouvelle-Zélande | Australie | Finlande | Norvège | Islande | Danemark | URSS
59%
2Le plus septentrional (avec territoires d'outre-mer)Danemark
40%
3Le plus d'îlesFinlande | Suède
33%
2Première ancienne colonie française indépendanteHaïti
19%

Distribution des résultats

Percentile par nombre de réponses

% des personnes avec chaque résultat

Votre développement - résultats

Vous n’avez pas pris ce quiz